000 00441nam a2200181Ia 4500
999 _c5683
_d5683
008 200103s 2009 ||||xx |||||||||||||| ||und||
020 _a9788131211236
082 _a623.82
_bEYR
100 _aEyres, D. J.
245 0 _aShip construction
250 _a6th ed.
260 _bElsevier
_c2009
_aIndia
300 _avi, 365p.
650 _aShip structure
650 _aOutfit
650 _ainternational regulations
942 _cBK